| 000 | 00712cab a2200229 4500 | ||
|---|---|---|---|
| 001 | WB3241-45 | ||
| 008 | 090401t1996 xxu||||| |||| 00| 0 eng d | ||
| 035 | _a(Sirsi) u39974 | ||
| 041 | _aeng | ||
| 245 | _aRacial discrimination claim | ||
| 260 | _c1996 | ||
| 350 | _a0 | ||
| 490 |
_aHerald _v29 October 1996, 3 |
||
| 490 |
_aScotsman _v30 October 1996, 10 |
||
| 520 | _aA Scottish estate agency is being sued over allegations that it took instructions not to allow Pakistanis to view a property. | ||
| 650 | _aESTATE AGENTS | ||
| 650 | _aRACIAL DISCRIMINATION | ||
| 650 | _aROBB ESTATE AGENCY | ||
| 690 | _aMANAGEMENT-BUSINESS MANAGEMENT-PROFESSIONAL PRACTICE | ||
| 942 | _n0 | ||
| 948 | _c04/03/1997 | ||
| 999 |
_c25594 _d25594 |
||